000 00661nam a22002057a 4500
005 20240530110520.0
008 160217s2012 ua g 000 1 ara d
017 _a2012/9620
_bمصر . دار الكتب المصرية
020 _a9789774277429
040 _aEG-CaGPL
082 0 4 _221
_a813.03\
_bن ت
100 0 _aناصر عراق .
245 1 0 _aتاج الهدهد /
_cناصر عراق .
250 _aط1.
260 _aالقاهرة :
_bالدار المصرية اللبنانية ،
_c2012 .
300 _a319 ص ؛
_c20 سم .
650 0 4 _aالقصص العربية .
942 _2ddc
_cBK
999 _c61876
_d61876